Состав ФК "Барселона" (сезон 24-25) - Statistics

General Stats
  • This quiz has been taken 538 times
    341 since last reset
  • The average score is 17 of 24
Answer Stats
Номер Страна Позиция Игрок % Correct
19 Испания нападающий Ламин Ямаль
95%
9 Польша нападающий Роберт Левандовски
93%
1 Германия вратарь Марк-Андре Тер Штеген
92%
11 Бразилия нападающий Рафинья
89%
6 Испания полузащитник Гави
86%
8 Испания полузащитник Педри
85%
Германия главный тренер Ханс-Диттер Флик
84%
25 Польша вратарь Войцех Щенсны
83%
4 Уругвай защитник Рональд Араухо
81%
23 Франция защитник Жюль Кунде
79%
21 Нидерланды полузащитник Френки Де Йонг
79%
2 Испания защитник Пау Кубарси
72%
14 Испания полузащитник Пабло Торре
70%
15 Дания защитник Андреас Кристенсен
69%
7 Испания нападающий Ферран Торрес
69%
3 Испания защитник Алехандро Бальде
65%
13 Испания вратарь Иньяки Пенья
58%
20 Испания полузащитник Дани Ольмо
58%
5 Испания защитник Иньиго Мартинес
56%
24 Испания защитник Эрик Гарсия
56%
16 Испания полузащитник Фермин Лопес
50%
10 Испания нападающий Ансу Фати
46%
17 Испания полузащитник Марк Касадо
40%
18 Испания нападающий Пау Виктор
30%
No matching quizzes found
Score Distribution
Percent of People with Each Score
Percentile by Number Answered
Your Score History
You have not taken this quiz since the last reset